| 000 | 00378nam a22001337a 4500 | ||
|---|---|---|---|
| 003 | SGT | ||
| 082 |
_a617.63 _bA15S |
||
| 100 | _aSINGH, PRERNA | ||
| 245 | _aASSESSMENT OF CHANGES IN BUCCAL MUCOSA INDUCED BY ORAL SUBMUCOUS FIBROSIS: A SONOGRAPHIC STUDY | ||
| 260 |
_aDELHI NCR _bSGT UNIVERSITY GURUGRAM _c2015 |
||
| 300 | _a1-50 | ||
| 650 | _aORAL MEDICINE | ||
| 942 |
_2ddc _cTH |
||
| 999 |
_c16016 _d16016 |
||